[Event "Oberliga Nord N 1718"]
[Site "Germany"]
[Date "2018.01.21"]
[Round "5.6"]
[White "Schueler, Hendrik"]
[Black "Laqua, Christian"]
[Result "1/2-1/2"]
[WhiteElo "2121"]
[BlackElo "2131"]
[PlyCount "31"]
[EventDate "2017.10.08"]
[EventType "team-tourn"]
[EventRounds "9"]
[EventCountry "GER"]
[SourceTitle "EXT 2019"]
[Source "ChessBase"]
[SourceDate "2018.10.10"]
[SourceVersion "1"]
[SourceVersionDate "2018.10.10"]
[SourceQuality "1"]
[WhiteTeam "Eppendorf Johanneum"]
[BlackTeam "Hamburg Diogenes"]
[WhiteTeamCountry "GER"]
[BlackTeamCountry "GER"]

1. d4 Nf6 2. c4 c5 3. Nf3 cxd4 4. Nxd4 e6 5. e3 a6 6. a3 Qc7 7. Be2 b6 8. 0-0 Bb7 9. b3 Be7 10. Bb2 0-0 11. Nd2 d6 12. Bf3 Nc6 13. Nxc6 Bxc6 14. Bxc6 Qxc6 15. Rc1 Rfc8 16. Qe2 1/2-1/2

[Event "Oberliga Nord N 1718"]
[Site "Germany"]
[Date "2017.10.08"]
[Round "1.5"]
[White "Laqua, Christian"]
[Black "Zieher, Hartmut"]
[Result "1/2-1/2"]
[WhiteElo "2131"]
[BlackElo "2230"]
[PlyCount "108"]
[EventDate "2017.10.08"]
[EventType "team-tourn"]
[EventRounds "9"]
[EventCountry "GER"]
[SourceTitle "EXT 2019"]
[Source "ChessBase"]
[SourceDate "2018.10.10"]
[SourceVersion "1"]
[SourceVersionDate "2018.10.10"]
[SourceQuality "1"]
[WhiteTeam "Hamburg Diogenes"]
[BlackTeam "Hamburger SK III"]
[WhiteTeamCountry "GER"]
[BlackTeamCountry "GER"]

1. c4 Nf6 2. g3 e6 3. Nf3 d5 4. b3 b6 5. Bg2 Bb7 6. 0-0 Be7 7. Bb2 0-0 8. e3 Nbd7 9. Qe2 c5 10. Rd1 Qc7 11. Nc3 Rac8 12. cxd5 Nxd5 13. Nxd5 Bxd5 14. e4 Bb7 15. d4 Qb8 16. d5 exd5 17. exd5 Bf6 18. Bxf6 Nxf6 19. Nh4 Rfe8 20. Qd2 g6 21. Nf5 Ne4 22. Bxe4 Rxe4 23. Ne3 Qe5 24. Nc4 Qf6 25. Qc2 Rce8 26. Ne3 Qf3 27. Qd3 Rd4 28. Qf1 Bxd5 29. Nxd5 Qxd5 30. Re1 Rxe1 31. Rxe1 Rd2 32. Re8+ Kg7 33. Re2 Qd4 34. Rxd2 Qxd2 35. Qa6 Qd7 36. h4 h5 37. Qc4 Qb7 38. Qc3+ f6 39. Qe3 a6 40. Kh2 Qc7 41. Qe6 b5 42. Qxa6 c4 43. bxc4 bxc4 44. Qa4 c3 45. Qc2 Qc4 46. Kg1 Qb4 47. Qd3 Qc5 48. Qc2 Kf7 49. Kf1 Qb5+ 50. Ke1 Qe5+ 51. Kd1 Kg7 52. Qd3 Qc5 53. Qc2 Qc4 54. Ke1 Qa6 1/2-1/2

[Event "Oberliga Nord N 1617"]
[Site "Germany"]
[Date "2017.03.19"]
[Round "7.5"]
[White "Laqua, Christian"]
[Black "Krause, Jonah"]
[Result "0-1"]
[WhiteElo "2121"]
[BlackElo "2331"]
[PlyCount "72"]
[EventDate "2016.10.16"]
[EventType "team-tourn"]
[EventRounds "9"]
[EventCountry "GER"]
[SourceTitle "EXT 2018"]
[Source "ChessBase"]
[SourceDate "2017.10.13"]
[SourceVersion "1"]
[SourceVersionDate "2017.10.13"]
[SourceQuality "1"]
[WhiteTeam "Hamburg Diogenes"]
[BlackTeam "St Pauli"]
[WhiteTeamCountry "GER"]
[BlackTeamCountry "GER"]

1. c4 g6 2. g3 Bg7 3. Bg2 Nf6 4. Nc3 0-0 5. e4 c5 6. Nge2 d6 7. d3 Nc6 8. 0-0 a6 9. h3 Rb8 10. a4 Ne8 11. Be3 Nc7 12. d4 cxd4 13. Nxd4 Ne6 14. Nde2 Na5 15. b3 Bd7 16. Rb1 b5 17. cxb5 axb5 18. axb5 Bxb5 19. Nxb5 Rxb5 20. b4 Nc4 21. Qd3 Nxe3 22. Qxb5 Nxf1 23. Kxf1 Qc7 24. Qa6 Rb8 25. Rc1 Qd8 26. h4 Bb2 27. Rd1 Rxb4 28. Bh3 Nc5 29. Qa7 Nxe4 30. Nf4 Qb6 31. Qxb6 Rxb6 32. Nd5 Rb7 33. Bc8 Ra7 34. Re1 Nc3 35. Nxe7+ Kf8 36. Nc6 Rc7 0-1

[Event "Oberliga Nord N 1617"]
[Site "Germany"]
[Date "2016.12.04"]
[Round "3.7"]
[White "Kull, Florian"]
[Black "Laqua, Christian"]
[Result "1/2-1/2"]
[WhiteElo "2180"]
[BlackElo "2121"]
[PlyCount "84"]
[EventDate "2016.10.16"]
[EventType "team-tourn"]
[EventRounds "9"]
[EventCountry "GER"]
[SourceTitle "EXT 2018"]
[Source "ChessBase"]
[SourceDate "2017.10.13"]
[SourceVersion "1"]
[SourceVersionDate "2017.10.13"]
[SourceQuality "1"]
[WhiteTeam "Hamburg Schachfreunde"]
[BlackTeam "Hamburg Diogenes"]
[WhiteTeamCountry "GER"]
[BlackTeamCountry "GER"]

1. c4 e5 2. Nc3 d6 3. g3 f5 4. Bg2 Nf6 5. Nf3 Be7 6. 0-0 0-0 7. d4 e4 8. Ne1 c6 9. d5 Na6 10. Rb1 Nc7 11. Nc2 cxd5 12. cxd5 Qe8 13. f3 exf3 14. exf3 Qf7 15. f4 Re8 16. Nd4 Bf8 17. Qd3 g6 18. Bd2 Bd7 19. Rfe1 Rxe1+ 20. Rxe1 Re8 21. Qc4 Rxe1+ 22. Bxe1 Qe7 23. Bf2 Nfe8 24. Qb3 Bc8 25. Ndb5 Nxb5 26. Nxb5 a6 27. Na7 Qc7 28. Nxc8 Qxc8 29. Qc3 Qxc3 30. bxc3 Nf6 31. Kf1 Bg7 32. c4 Nd7 33. Bf3 Bc3 34. Ke2 Bb4 35. g4 Kf7 36. gxf5 gxf5 37. Bh5+ Kf8 38. Bd4 Ba3 39. Kf2 Bc5 40. Ke3 Ke7 41. Kd3 Bxd4 42. Kxd4 Nc5 1/2-1/2

[Event "Oberliga Nord N 1617"]
[Site "Germany"]
[Date "2016.11.20"]
[Round "2.8"]
[White "Lock, Adrian"]
[Black "Laqua, Christian"]
[Result "1/2-1/2"]
[WhiteElo "2050"]
[BlackElo "2121"]
[PlyCount "85"]
[EventDate "2016.10.16"]
[EventType "team-tourn"]
[EventRounds "9"]
[EventCountry "GER"]
[SourceTitle "EXT 2018"]
[Source "ChessBase"]
[SourceDate "2017.10.13"]
[SourceVersion "1"]
[SourceVersionDate "2017.10.13"]
[SourceQuality "1"]
[WhiteTeam "Hamburg Koenigsspringer"]
[BlackTeam "Hamburg Diogenes"]
[WhiteTeamCountry "GER"]
[BlackTeamCountry "GER"]

1. e4 Nf6 2. Nc3 d5 3. e5 Ne4 4. Nce2 f6 5. d3 Nc5 6. d4 Ne4 7. f3 Ng5 8. c3 Nf7 9. f4 e6 10. Be3 Be7 11. Nf3 0-0 12. g3 fxe5 13. fxe5 Ng5 14. Nxg5 Bxg5 15. Qd2 Bxe3 16. Qxe3 Nc6 17. Nf4 Ne7 18. g4 c5 19. 0-0-0 c4 20. Be2 b5 21. Rdf1 Rb8 22. Nh5 Ng6 23. Rxf8+ Qxf8 24. a3 Rb7 25. Rf1 Rf7 26. Rxf7 Qxf7 27. Kd2 Bd7 28. Qg5 Qe7 29. Qxe7 Nxe7 30. Nf4 Kf7 31. Ke3 Ng6 32. Ng2 Be8 33. Bd1 Ne7 34. Bc2 Nc6 35. Nf4 g6 36. Ne2 Kg7 37. Kf4 h6 38. h4 Nd8 39. Ng3 Nf7 40. Kf3 Nd8 41. Kf4 Nf7 42. Ke3 Nd8 43. Kf4 1/2-1/2

[Event "Oberliga Nord N 1516"]
[Site "Germany"]
[Date "2016.03.13"]
[Round "8.8"]
[White "Laqua, Christian"]
[Black "Boehm, Thomas1111"]
[Result "1/2-1/2"]
[WhiteElo "2110"]
[BlackElo "2120"]
[PlyCount "29"]
[EventDate "2015.09.20"]
[EventType "team-tourn"]
[EventRounds "9"]
[EventCountry "GER"]
[SourceTitle "EXT 2017"]
[Source "ChessBase"]
[SourceDate "2016.10.25"]
[SourceVersion "1"]
[SourceVersionDate "2016.10.25"]
[SourceQuality "1"]
[WhiteTeam "Hamburg Diogenes"]
[BlackTeam "Kiel Turm"]
[WhiteTeamCountry "GER"]
[BlackTeamCountry "GER"]

1. c4 e5 2. g3 Nc6 3. Nc3 g6 4. Bg2 Bg7 5. e4 d6 6. d3 Be6 7. Nge2 Qd7 8. 0-0 Bh3 9. Nd5 Bxg2 10. Kxg2 Nd8 11. d4 Ne6 12. dxe5 dxe5 13. Be3 Ne7 14. Qb3 c6 15. Nxe7 1/2-1/2